عرض عادي
عرض مارك
- Turcotte, Louis H.
مدخل إسم شخص
001 - رقم الضبط
- حقل الضبط: 5686
003 - معرف رقم الضبط
- حقل الضبط: OSt
005 - تاريخ ووقت أخر عملية
- حقل الضبط: 20111026225801.0
008 - عناصر بيانات ثابتة الطول
- حقل تحكم ثابت الطول: 111026|||a|||||| | ||| d
040 ## - مصدر الفهرسة
- هيئة الفهرسة الأصلية: OSt
- وكالة الكتابة: OSt
100 ## - مدخل -- أسم شخص
- إسم شخص: Turcotte, Louis H.
670 ## - بيانات المصدر موجوده
- الاستشهاد بالمصدر: Work cat.: (OSt)0: Wilson, H. B. 5683, Advanced mathematics and mechanics applications using MATLAB /, c2003.
